000 00295nam a2200121Ia 4500
008 220204s9999 xx 000 0 und d
082 _a065.011
_bCOH
100 _aCohn, Theodore
245 0 _aSurvival and growth
260 _aNew York
_bMentor
_c1978
700 _aLindberg, Roy A
942 _cBK
999 _c30926
_d30926